| 000 | 00909cam a2200289Ia 4500 | ||
|---|---|---|---|
| 001 | 402275021 | ||
| 003 | OCoLC | ||
| 005 | 20150408114020.0 | ||
| 008 | 090617s2009 enka 001 0 eng d | ||
| 020 | _a0727735217 | ||
| 020 | _a9780727735218 | ||
| 035 | _a(OCoLC)402275021 | ||
| 040 |
_aYDXCP _cYDXCP _dBWK _dCUD _dUPM |
||
| 050 | 4 |
_aTH1097 _b.B53 2009 |
|
| 082 |
_221 _a693.854 |
||
| 245 | 0 | 0 |
_aBlast effects on buildings / _cedited by David Cormie, Geoff Mays and Peter Smith. |
| 260 |
_aLondon : _bThomas Telford Ltd, _c2009. |
||
| 300 |
_axvii, 338 p. : _bill. ; _c24 cm. |
||
| 504 | _aIncludes bibliographical references and index. | ||
| 650 | 0 |
_aBuildings _xBlast effects. _912125 |
|
| 650 | 0 |
_aStructural dynamics. _911810 |
|
| 650 | 0 |
_aStructural design. _912003 |
|
| 700 | 1 |
_aCormie, David. _912126 |
|
| 700 | 1 |
_aMays, Geoffrey. _912127 |
|
| 700 | 1 |
_aSmith, Peter. _94437 |
|
| 942 |
_2ddc _cBOOK |
||
| 999 |
_c22019 _d256519 |
||